000
00344nam a2200145Ia 4500
008
240624s9999 xx 000 0 und d
041
_a
eng
082
_a
657 DAN
100
_a
DANSBY ROBERT L
245
_a
COLLEGE ACCOUNTING
250
_a
(4th ed.)
260
_c
2000
_a
Delhi
_b
A.I.T.B.S.
300
_a
xxviii, : 1061 : cm. ; 27
365
_c
RS
999
_c
1468
_d
1468